Textbooks for theological education in africa (Record no. 4058)

MARC details
000 -LEADER
fixed length control field 00463nam a22001457a 4500
008 - FIXED-LENGTH DATA ELEMENTS--GENERAL INFORMATION
fixed length control field 250702b |||||||| |||| 00| 0 eng d
020 ## - INTERNATIONAL STANDARD BOOK NUMBER
ISBN 9781594520822
100 ## - MAIN ENTRY--AUTHOR
Author Starcher Rich
245 ## - TITLE STATEMENT
Title Textbooks for theological education in africa
Remainder of title An annotated bibliography
260 ## - PUBLICATION, DISTRIBUTION, ETC. (IMPRINT)
Place of publication Bukuru
Name of publisher Africa christian textbooks (Acts)
Date of publication 2007
300 ## - COLLATION
Pagination 347p.
650 ## - TRACINGS
Main Subject Theology- study and teaching- Africa
Subdivision (1st) christian union
942 ## - ADDED ENTRY ELEMENTS (KOHA)
Item type Books
050 ## - LIBRARY OF CONGRESS CALL NUMBER
Classification number BV4140.A35
Item number .S73
Holdings
Source of classification or shelving scheme Not for loan Permanent location Current location Date acquired Accession No. Full call number Barcode. Koha item type
Library of Congress Classification   Samuel Ogbemudia Main Library, University of Abuja Samuel Ogbemudia Main Library, University of Abuja 07/02/2025 2025/65071 BV4140.A35.S73 2025-2781 Books